000 00299nam a22001457a 4500
008 230419b ||||| |||| 00| 0 eng d
020 _a9781465276803
041 _aeng
080 _a34
082 _a34DEL
100 _a31
101 _aJURE
245 _aHOMI CIDE
_cDELISI.M
942 _2udc
_cBK
999 _c59615
_d59615